The hedaya : commentary on the Islamic laws

Bibliographic Details
Main Author: Hamilton, Charles (Author)
Format: Book
Published: New Delhi : Kitab Bhavan , 1985
Subjects:

MARC

LEADER 00000cam a2200000 7i4500
001 0000004472
005 20120829093000.0
008 021118s1985
050 0 0 |a d40 K559   |b .H42 
090 0 0 |a d40 K559   |b .H42 
100 0 |a Hamilton, Charles ,   |e author 
245 1 4 |a The hedaya :   |b commentary on the Islamic laws   |c Charles Hamilton 
260 |a New Delhi :   |b Kitab Bhavan ,   |c 1985 
300 |a 2 v. ;   |c 28 cm. 
650 0 |a Islamic law 
999 |a 1000012255   |b Book   |c Open Shelf (7 days)   |e Gong Badak Campus 
999 |a 1000012256   |b Book   |c Open Shelf (7 days)   |e Gong Badak Campus